Van Gogh
Zapisane w:
| 1. autor: | |
|---|---|
| Format: | Książka |
| Język: | hiszpański |
| Wydane: |
Madrid
Ediciones Daimon
1966
|
| Wydanie: | 1a. ed |
| Seria: | Pequeñas Monografías
|
| Hasła przedmiotowe: | |
| Etykiety: |
Dodaj etykietę
Nie ma etykietki, Dołącz pierwszą etykiete!
|
MARC
| LEADER | 00000cam a2200000 a 4500 | ||
|---|---|---|---|
| 001 | UCE2928 | ||
| 003 | CL-VaPUC | ||
| 008 | 140807e19660000sp |||||||||||||||||spa|d | ||
| 082 | 0 | 4 | |a 759.9492 |b DIE |2 21 |
| 100 | 0 | |a Diehl, Gaston |e author |9 575449 | |
| 245 | 1 | 0 | |a Van Gogh |
| 250 | |a 1a. ed | ||
| 300 | |a 45 p | ||
| 942 | |c BK | ||
| 945 | |d 20140807 14:45:00 |a dcastane | ||
| 260 | |a Madrid |b Ediciones Daimon |c 1966 | ||
| 600 | 0 | 7 | |a GOGH, VINCENT VAN |2 CL-VaPUC |9 266905 |
| 650 | 7 | |a PINTORES HOLANDESES |2 CL-VaPUC |9 575450 | |
| 650 | 0 | |a Pintura holandesa |9 267860 | |
| 650 | 0 | |a Pintura moderna |9 265600 | |
| 583 | |a last modification |c 20140807 14:45:00 |k Rodrigo Vera | ||
| 490 | 0 | |a Pequeñas Monografías | |
| 999 | |c 356443 |d 356441 | ||
| 952 | |0 0 |1 0 |3 erd |4 0 |6 759_949200000000000_DIE_1966 |7 0 |8 A |9 463785 |a BIBART |b BIBART |i 5048966 |o 759.9492 DIE 1966 |p 5048966 |r 2025-03-13 |w 2019-11-23 |y BK |z Catalogado en:20140807 |k ART | ||